Illustrated AutoLISP / (Record no. 544769)

000 -LEADER
fixed length control field 00611cam a2200193 a 4500
020 ## - INTERNATIONAL STANDARD BOOK NUMBER
International Standard Book Number 1556221614 :
082 00 - DEWEY DECIMAL CLASSIFICATION NUMBER
Classification number 620/.00420285
Author Mark OLI
-- L-1, P.26
100 1# - MAIN ENTRY--PERSONAL NAME
Personal name Oliver, William M.
9 (RLIN) 40503
245 10 - TITLE STATEMENT
Title Illustrated AutoLISP /
Statement of responsibility, etc. William M. Oliver.
260 ## - PUBLICATION, DISTRIBUTION, ETC.
Place of publication, distribution, etc. Plano, Tex. :
Name of publisher, distributor, etc. Wordware Pub.,
Date of publication, distribution, etc. c1990.
300 ## - PHYSICAL DESCRIPTION
Extent x, 256 p. ;
Dimensions 24 cm.
500 ## - GENERAL NOTE
General note Inkludes index.
526 ## - STUDY PROGRAM INFORMATION NOTE
Program name 0
Interest level 0
Reading level 0
Title point value 620_004202850000000_OLI
526 ## - STUDY PROGRAM INFORMATION NOTE
Program name 0
Interest level 0
Reading level 0
Title point value 620_004202850000000_OLI
526 ## - STUDY PROGRAM INFORMATION NOTE
Program name 0
Interest level 0
Reading level 0
Title point value 620_004202850000000_OLI
650 #0 - SUBJECT ADDED ENTRY--TOPICAL TERM
Topical term or geographic name entry element AutoLISP (Computer program language)
9 (RLIN) 40504
650 #0 - SUBJECT ADDED ENTRY--TOPICAL TERM
Topical term or geographic name entry element MCE
9 (RLIN) 379
942 ## - ADDED ENTRY ELEMENTS (KOHA)
Source of classification or shelving scheme
Koha item type Book
Holdings
Withdrawn status Lost status Source of classification or shelving scheme Damaged status Not for loan Permanent Location Current Location Date acquired Total Checkouts Full call number Barcode Date last seen Price effective from Koha item type
          Military College of Engineering (MCE) Military College of Engineering (MCE) 05/12/2014   620/.00420285 OLI MCE-29199 05/12/2014 05/12/2014 Book
          Military College of Engineering (MCE) Military College of Engineering (MCE) 05/12/2014   620/.00420285 OLI MCE-29200 05/12/2014 05/12/2014 Book
          Military College of Engineering (MCE) Military College of Engineering (MCE) 05/12/2014   620/.00420285 OLI MCE-29243 05/12/2014 05/12/2014 Book
© 2023 Central Library, National University of Sciences and Technology. All Rights Reserved.